Giáo trình tiếng Việt và tiếng Việt thực hành Giáo trình đào tạo giáo viên mầm non

Giới thiệu đại cương về tiếng Việt. Trình bày các kiến thức cơ bản về ngữ âm học tiếng Việt, từ vựng, ngữ pháp, văn bản, phong cách học trong tiếng Việt

محفوظ في:
التفاصيل البيبلوغرافية
المؤلف الرئيسي: Lã Thị Bắc Lý
مؤلفون آخرون: Nguyễn Thị Thu Nga, Phan Thị Hồng Xuân
التنسيق: كتاب
اللغة:Vietnamese
منشور في: H. Đại học Sư phạm 2013
الطبعة:In lần thứ 4
الموضوعات:
الوسوم: إضافة وسم
لا توجد وسوم, كن أول من يضع وسما على هذه التسجيلة!
Thư viện lưu trữ: Mạng thư viện Đại học Đà Nẵng
LEADER 01630aam a22003978a 4500
001 000019665
003 16104
005 20140818130838.0
008 140721s2013 viesd
020 |c 39000đ  |d 1000b 
041 0 |a vie 
082 0 4 |2 23  |a 372.6  |b LA-L 
100 1 |a Lã Thị Bắc Lý 
245 1 0 |a Giáo trình tiếng Việt và tiếng Việt thực hành  |b Giáo trình đào tạo giáo viên mầm non  |c Lã Thị Bắc Lý, Phan Thị Hồng Xuân, Nguyễn Thị Thu Nga 
250 |a In lần thứ 4 
260 |a H.  |b Đại học Sư phạm  |c 2013 
300 |a 176 tr.  |b bảng  |c 24 cm. 
504 |a Thư mục: tr. 174-175 
520 |a Giới thiệu đại cương về tiếng Việt. Trình bày các kiến thức cơ bản về ngữ âm học tiếng Việt, từ vựng, ngữ pháp, văn bản, phong cách học trong tiếng Việt 
650 0 4 |2 Bộ TK TVQG  |a Giáo dục mầm non  |v Giáo trình  |x Tiếng Việt 
650 7 |2 Bộ TK TVQG 
653 |a Giáo dục mầm non 
653 |a Tiếng việt 
655 7 |2 Bộ TK TVQG  |a Giáo trình 
700 1 |a Nguyễn Thị Thu Nga 
700 1 |a Phan Thị Hồng Xuân 
OWN |a LSP 
AVA |a UDN50  |b LSP  |d 372.6 LA-L  |e available  |t Error 5001 Not defined in file expand_doc_bib_avail.  |f 10  |g 2  |h N  |i 24  |k 1 
999 |a From the UDN01 
AVA |a UDN50  |b LSP  |d 372.6 LA-L  |e available  |t Error 5001 Not defined in file expand_doc_bib_avail.  |f 10  |g 2  |h N  |i 24  |k 1 
TYP |a Monograph 
TYP |a Printed language 
980 |a Mạng thư viện Đại học Đà Nẵng